000 01231nam0a2200361 4500
001 RU\NLR\bibl\98775
005 20260406115709.0
010 _a5-7221-0164-8
_9115000
020 _aRU
_b98-33084
_9Книжная летопись
021 _aRU
_b98-23861
_91132
035 _a(NLR Aleph) 000096569
090 _a543746
_c543746
100 _a20000410d1998 |||y0rusy50 ca
101 0 _arus
102 _aRU
105 _aa |||||||||
200 1 _aСказки
_e[Для детей]
_fА. С. Пушкин
_g[Худож. С. Тараник]
210 _aКраснодар
_cСовет. Кубань
_d1998
215 _a190,[2] с., [4] л. цв. ил.
_cил.
_d23
610 0 _aСказки русские (д. л.)
675 _a882-93Пушкин
_v3
_zrus
686 _a17
_2rugasnti
686 _a84(2Рос-Рус)
_2rubbk
686 _aШ9(2)60=Р5-5
700 1 _4070
_8rus
_7ca
_aПушкин
_bА. С.
_cпоэт
_f1799-1837
_gАлександр Сергеевич
_3RU\NLR\AUTH\77386
_9110441
801 0 _aRU
_bRKP
_c20000410
_gPSBO
801 1 _aRU
_bRKP
_c20000719
_gPSBO
852 _aNLR
_jПушкин/4с421-160
942 _cBOOK
980 _aNB